Why property is out of favour - and why it will come back (Record no. 62589)

MARC details
000 -LEADER
fixed length control field 00779cam a2200217 4500
001 - CONTROL NUMBER
control field X104317
008 - FIXED-LENGTH DATA ELEMENTS--GENERAL INFORMATION
fixed length control field 000000n2000 000 0 eng u
035 ## - SYSTEM CONTROL NUMBER
System control number (Sirsi) u104317
100 ## - MAIN ENTRY--PERSONAL NAME
Personal name Patterson, A.
245 ## - TITLE STATEMENT
Title Why property is out of favour - and why it will come back
260 ## - PUBLICATION, DISTRIBUTION, ETC.
Date of publication, distribution, etc. 2000
490 ## - SERIES STATEMENT
Series statement Property Forecast
Volume/sequential designation January 2000 4-5(2)
520 ## - SUMMARY, ETC.
Summary, etc. Describes the recent performance of property stocks and points out issues which should be considered by potential investors, such as economic cycles, market confidence, and the performance of the property market in comparison to alternatives.
590 ## - LOCAL NOTE (RLIN)
Local note ABS
650 ## - SUBJECT ADDED ENTRY--TOPICAL TERM
Topical term or geographic name entry element STOCKS
650 ## - SUBJECT ADDED ENTRY--TOPICAL TERM
Topical term or geographic name entry element ECONOMIC GROWTH
650 ## - SUBJECT ADDED ENTRY--TOPICAL TERM
Topical term or geographic name entry element ECONOMIC CYCLES
650 ## - SUBJECT ADDED ENTRY--TOPICAL TERM
Topical term or geographic name entry element FTSE INDEX
690 ## - LOCAL SUBJECT ADDED ENTRY--TOPICAL TERM (OCLC, RLIN)
Topical term or geographic name as entry element INVESTMENT
942 ## - ADDED ENTRY ELEMENTS (KOHA)
Suppress in OPAC 0
Holdings
Withdrawn status Lost status Source of classification or shelving scheme Damaged status Not for loan Home library Current library Shelving location Date acquired Total Checkouts Full call number Barcode Date last seen Copy number Price effective from Koha item type
    Dewey Decimal Classification     London London Journal article 09/03/2000   X104317 104317-1001 06/08/2019 1 06/08/2019 Journal article